000 00807nam a2200265Ia 4500
001 21786
005 20260320113312.0
008 260320s9999||||xx |||||||||||||| ||und||
020 _a9786123263331
041 _aESP
082 _a985.54
_bU85
100 _aUrrutia Ceruti, Jaime,
_eAUT
245 0 _aHistoria mínima de Ayacucho
_b
246 _a
_5
_b
250 _aPrimera edición
260 _aLima :
_bIEP Instituto de Estudios Peruanos,
_c2025
300 _a263 páginas :
_bilustraciones, fotografías ;
_c22 cm.
_e
440 _a(Estudios históricos
_n; número 101)
_v
650 _aHIS
653 _aAyacucho (Perú) - Historia
654 _aCHU
700 _a
_c
856 _uhttps://www-jstor-org.ucsp.lookproxy.com/
_zVéase además: Base de datos JSTOR
942 _cLIB
_dJUS
_fMAT
_2ddc
_n
999 _c21786
_d21786